<?xml version="1.0" encoding="UTF-8"?>
<record
    xmlns:xsi="http://www.w3.org/2001/XMLSchema-instance"
    xsi:schemaLocation="http://www.loc.gov/MARC21/slim http://www.loc.gov/standards/marcxml/schema/MARC21slim.xsd"
    xmlns="http://www.loc.gov/MARC21/slim">

  <leader>05871nam a2200469 i 4500</leader>
  <controlfield tag="001">122043</controlfield>
  <controlfield tag="003">FlNmELB</controlfield>
  <controlfield tag="005">20241217175411.0</controlfield>
  <controlfield tag="006">m     o  d |      </controlfield>
  <controlfield tag="007">cr cnu||||||||</controlfield>
  <controlfield tag="008">210423s2020    mx      o     000 0 spa d</controlfield>
  <datafield tag="020" ind1=" " ind2=" ">
    <subfield code="a">9786075630243</subfield>
    <subfield code="q">(e-book)</subfield>
  </datafield>
  <datafield tag="020" ind1=" " ind2=" ">
    <subfield code="z">9786075630052</subfield>
  </datafield>
  <datafield tag="035" ind1=" " ind2=" ">
    <subfield code="a">(OCoLC)1252203669</subfield>
  </datafield>
  <datafield tag="040" ind1=" " ind2=" ">
    <subfield code="a">FINmELB</subfield>
    <subfield code="b">spa</subfield>
    <subfield code="e">rda</subfield>
    <subfield code="c">FINmELB</subfield>
  </datafield>
  <datafield tag="050" ind1=" " ind2="4">
    <subfield code="a">HG4523</subfield>
    <subfield code="b">.C338 2020</subfield>
  </datafield>
  <datafield tag="080" ind1=" " ind2=" ">
    <subfield code="a">336.761</subfield>
  </datafield>
  <datafield tag="082" ind1="0" ind2="4">
    <subfield code="a">332.0415</subfield>
    <subfield code="2">23</subfield>
  </datafield>
  <datafield tag="100" ind1="1" ind2=" ">
    <subfield code="a">C&#xF3;rdoba Padilla, Marcial,</subfield>
    <subfield code="e">autor.</subfield>
  </datafield>
  <datafield tag="245" ind1="1" ind2="0">
    <subfield code="a">Mercado de valores /</subfield>
    <subfield code="c">Marcial C&#xF3;rdoba Padilla.</subfield>
  </datafield>
  <datafield tag="264" ind1=" " ind2="1">
    <subfield code="a">Bogot&#xE1; :</subfield>
    <subfield code="b">Ecoe ediciones :</subfield>
    <subfield code="b">Instituto Mexicano de Contadores P&#xFA;blicos,</subfield>
    <subfield code="c">2020.</subfield>
  </datafield>
  <datafield tag="300" ind1=" " ind2=" ">
    <subfield code="a">1 recurso en l&#xED;nea (439 p&#xE1;ginas)</subfield>
  </datafield>
  <datafield tag="336" ind1=" " ind2=" ">
    <subfield code="a">texto</subfield>
    <subfield code="b">txt</subfield>
    <subfield code="2">rdacontent/spa</subfield>
  </datafield>
  <datafield tag="337" ind1=" " ind2=" ">
    <subfield code="a">computadora</subfield>
    <subfield code="b">c</subfield>
    <subfield code="2">rdamedia/spa</subfield>
  </datafield>
  <datafield tag="338" ind1=" " ind2=" ">
    <subfield code="a">recurso en l&#xED;nea</subfield>
    <subfield code="b">cr</subfield>
    <subfield code="2">rdacarrier/spa</subfield>
  </datafield>
  <datafield tag="490" ind1="1" ind2=" ">
    <subfield code="a">Ciencias empresariales. Contabilidad y finanzas</subfield>
  </datafield>
  <datafield tag="500" ind1=" " ind2=" ">
    <subfield code="a">Reimpresiones: (Colombia, 2016) -- (Colombia, 2017) -- (M&#xE9;xico, 2017).</subfield>
  </datafield>
  <datafield tag="505" ind1="0" ind2=" ">
    <subfield code="a">Cap&#xED;tulo 1. Sistema financiero 1.1 concepto y caracter&#xED;sticas 1.2 funciones e importancia del sistema financiero 1.3 intermediarios financieros 1.4 entidades de intermediaci&#xF3;n financiera 1.5 sistema financiero europeo 1.6 sistema financiero colombiano Cuestionario resuelto Cuestionario propuesto Cap&#xED;tulo 2. Activos financieros 2.1 definici&#xF3;n 2.2 caracter&#xED;sticas de los activos financieros 2.3 las normas internacionales y nacionales de informaci&#xF3;n financiera para los activos financieros. 2.4 funciones de los activos financieros 2.5 clasificaci&#xF3;n de los activos financieros 2.6 valor de los activos financieros 2.7 contrato de futuros 2.8 warrants o mercado de opciones Cuestionario resuelto Cuestionario propuesto Casos pr&#xE1;cticos Cap&#xED;tulo 3. T&#xED;tulos valores. 3.1 caracter&#xED;sticas generales de los t&#xED;tulos valores 3.2 clasificaci&#xF3;n de los t&#xED;tulos valores 3.3 implicaciones en la econom&#xED;a 3.4 principales t&#xED;tulos valores 3.5 t&#xED;tulos valores en la econom&#xED;a colombiana 3.6 tendencias comerciales y financieras de los t&#xED;tulos valores Cuestionario resuelto Cuestionario propuesto Casos pr&#xE1;cticos Cap&#xED;tulo 4. Conformaci&#xF3;n del mercado de valores 4.1 importancia del mercado de valores 4.2 funciones del mercado de valores 4.3 caracter&#xED;sticas del mercado de valores 4.4 participantes en el mercado de valores 4.5 clasificaci&#xF3;n de los mercados financieros 4.6 mercado a corto y mediano plazo 4.7 mercado p&#xFA;blico de valores 4.8 mercado de valores en colombia 4.9 legislaci&#xF3;n colombiana de valores y su aplicaci&#xF3;n 4.10 registro nacional de valores e intermediarios Cuestionario resuelto Cuestionario propuesto. Cap&#xED;tulo 5. Bolsa de valores 5.1 definiciones 5.2 funcionamiento de la bolsa de valores 5.3 estrategias de financiaci&#xF3;n de las empresas 5.4 las principales bolsas de valores del mundo 5.5 bolsa de valores de colombia Cuestionario resuelto Cuestionario propuesto Casos pr&#xE1;cticos Cap&#xED;tulo 6. Emisi&#xF3;n de valores 6.1 definiciones 6.2 estructuraci&#xF3;n de la emisi&#xF3;n 6.3 el registro de la emisi&#xF3;n y la inscripci&#xF3;n de los valores 6.4 emisiones desmaterializadas 6.5 modificaci&#xF3;n de una emisi&#xF3;n 6.6 aspectos econ&#xF3;micos de la emisi&#xF3;n de valores 6.7 valores burs&#xE1;tiles 6.8 ilustraci&#xF3;n de la emisi&#xF3;n de valores Cuestionario resuelto Cuestionario propuesto Casos pr&#xE1;cticos. Cap&#xED;tulo 7. Oferta de valores 7.1 oferta de la emisi&#xF3;n de valores 7.2 generalidades de la oferta 7.3 caracter&#xED;sticas de los valores ofertados 7.4 condiciones de la oferta p&#xFA;blica 7.5 caracter&#xED;sticas y condiciones de la oferta 7.6 mecanismo de colocaci&#xF3;n y venta 7.7 etapas de la oferta 7.8 otros aspectos de la oferta Cuestionario resuelto Cuestionario propuesto Casos pr&#xE1;cticos Cap&#xED;tulo 8. Negociaci&#xF3;n en el mercado de valores 8.1 negociaci&#xF3;n general en el mercado de valores 8.2 metodolog&#xED;as de negociaci&#xF3;n 8.3 sistema electr&#xF3;nico de negociaci&#xF3;n 8.4 oferta p&#xFA;blica de adquisici&#xF3;n 8.5 ofertas de democratizaci&#xF3;n 8.6 negociaci&#xF3;n mediante subastas 8.7 negociaci&#xF3;n mediante martillo 8.8 apalancamiento Cuestionario resuelto Cuestionario propuesto Casos pr&#xE1;cticos Cap&#xED;tulo 9. An&#xE1;lisis del mercado de valores 9.1 conceptos b&#xE1;sicos del an&#xE1;lisis del mercado 9.2 teor&#xED;as sobre el an&#xE1;lisis del mercado de valores 9.3 an&#xE1;lisis fundamental de valores 9.4 an&#xE1;lisis t&#xE9;cnico-burs&#xE1;til 9.5 an&#xE1;lisis del riesgo en el mercado de valores Cuestionario resuelto Cuestionario propuesto Casos pr&#xE1;cticos Cap&#xED;tulo 10. Regulaci&#xF3;n y supervisi&#xF3;n del mercado de valores 10.1 aspectos generales 10.2 controles en la regulaci&#xF3;n y supervisi&#xF3;n 10.3 cooperaci&#xF3;n internacional de reguladores 10.4 consideraciones generales 10.5 est&#xE1;ndares internacionales 10.6 autorregulaci&#xF3;n en el mercado de valores 10.7 la regulaci&#xF3;n y supervisi&#xF3;n del mercado de valores en colombia Cuestionario resuelto Cuestionario propuesto Casos pr&#xE1;cticos Respuestas a los cuestionarios resueltos.</subfield>
  </datafield>
  <datafield tag="520" ind1=" " ind2=" ">
    <subfield code="a">Texto de referencia indispensable para inversionistas, empresarios, profesionales, estudiantes y acad&#xE9;micos de programas de finanzas, econom&#xED;a, administraci&#xF3;n de empresas y contabilidad de pregrado y posgrado, as&#xED; como para todos los interesados en conocer los aspectos institucionales, financieros, comerciales y operativos que permiten operar con eficiencia en el mercado de valores.</subfield>
  </datafield>
  <datafield tag="650" ind1=" " ind2="0">
    <subfield code="a">Capital market.</subfield>
  </datafield>
  <datafield tag="650" ind1=" " ind2="0">
    <subfield code="a">Stock exchanges.</subfield>
  </datafield>
  <datafield tag="650" ind1=" " ind2="4">
    <subfield code="a">Mercado de capitales.</subfield>
  </datafield>
  <datafield tag="650" ind1=" " ind2="4">
    <subfield code="a">Integraci&#xF3;n econ&#xF3;mica internacional.</subfield>
  </datafield>
  <datafield tag="650" ind1=" " ind2="4">
    <subfield code="a">Bolsa de valores.</subfield>
  </datafield>
  <datafield tag="655" ind1=" " ind2="4">
    <subfield code="a">Libros electr&#xF3;nicos.</subfield>
  </datafield>
  <datafield tag="797" ind1="2" ind2=" ">
    <subfield code="a">elibro, Corp.</subfield>
  </datafield>
  <datafield tag="830" ind1=" " ind2="0">
    <subfield code="a">Ciencias empresariales. Contabilidad y finanzas.</subfield>
  </datafield>
  <datafield tag="856" ind1="4" ind2="0">
    <subfield code="u">https://elibro.net/ereader/politecnicointernacional/151220</subfield>
  </datafield>
  <datafield tag="999" ind1=" " ind2=" ">
    <subfield code="c">122043</subfield>
    <subfield code="d">122043</subfield>
  </datafield>
</record>
